00566nam a2200193Ia 4500008004100000020001800041020001300059082001600072082001900088245004300107245004100150250004200191260001400233260001600247260000900263700002300272700005800295999001900353210417s9999 xx 000 0 und d a9780070683518 b70683514 a005.758 VEL b22.005.758 VEL 0aCloud computing : a practical approach 0cCloud computing a practical approach b"xviii, 334 p. : ill. ; 24 cm., pbk." aNew Delhi bMcGraw-Hill c2010 a"Velte, Anthony T" b"Anthony T. Velte, Toby J. Velte, Robert Elsenpeter." c469054d469054